000 00473nam a2200181Ia 4500
001 4755
005 20260306145818.0
008 260306t2012||||xx |||||||||||||| ||spa||
041 _aESP
082 _a330.015195
_bP45C
100 _aPérez López, César
_eAUT
245 0 _aEconometría básica:
_baplicaciones con EVIEWS, STATA, SAS y SPSS
260 _c2012
300 _axiii, 615 páginas :
_c24 cm.
650 _aGEN
654 _aCAN
942 _cLIB
_dJUS
_fJUS
_2ddc
_n
999 _c4755
_d4755